[Event "SLO-chT"]
[Site "?"]
[Date "1993.??.??"]
[Round "?"]
[White "Orel, Simona"]
[Black "Licina, Anita"]
[Result "1-0"]
[WhiteElo "2050"]
[BlackElo "2135"]

1.d4 Nf6 2.c4 g6 3.Nc3 d5 4.cxd5 Nxd5 5.e4 Nxc3 6.bxc3 Bg7 7.Bc4 O-O 8.Ne2 Nc6
9.Be3 e5 10.Qd2 Na5 11.Bd3 exd4 12.cxd4 c5 13.Rd1 cxd4 14.Bxd4 Bxd4 15.Nxd4 Qxd4
16.Qxa5 b6 17.Qd2 Bb7 18.Bb1 Qc4 19.Qe2 Ba6 20.Qxc4 Bxc4 21.f4 Rfd8 22.Kf2 Kf8
23.Rhe1 Ke7 24.g4 h6 25.h4 b5 26.a3 a5 27.g5 hxg5 28.hxg5 Bb3 29.Rxd8 Rxd8
30.Ke3 Rc8 31.Kd2 Bc4 32.Rc1 Rh8 33.a4 Kd6 34.axb5 Bxb5 35.Ke3 Rh3+ 36.Kd4 a4
37.e5+ Ke7 38.Rc7+ Bd7 39.Ba2 Rh4 40.Ke3 Rh3+ 41.Ke4 Rh7 42.Bc4 Kd8 43.Ra7 Ke8
44.Kd5 Rh2 45.Kd6 Rd2+ 46.Bd5 Rxd5+ 47.Kxd5 Be6+ 48.Kd6 Kf8 49.Rxa4 Kg7 50.Ke7 Bb3
51.Ra6 Bc4 52.Rf6 Bb3 53.e6 fxe6 54.Rxe6 Bc2 55.Kd6 Bf5 56.Re7+ Kf8 57.Ra7 Bd3
58.Ke5 Bb5 59.Kf6 Bd3  1-0

[Event "SLO-chT"]
[Site "?"]
[Date "1993.??.??"]
[Round "?"]
[White "Farago, Ivan"]
[Black "Ivacic, Vladimir"]
[Result "1-0"]
[WhiteElo "2540"]
[BlackElo "2295"]

1.d4 Nf6 2.c4 g6 3.Nc3 d5 4.cxd5 Nxd5 5.e4 Nxc3 6.bxc3 Bg7 7.Bc4 c5 8.Ne2 O-O
9.O-O Nc6 10.Be3 Qc7 11.Rc1 Rd8 12.Qd2 Qa5 13.Rfd1 cxd4 14.cxd4 Bd7 15.Qb2 Qb4
16.Qxb4 Nxb4 17.d5 b5 18.Bb3 Na6 19.Nd4 Be8 20.Nc6 Rd7 21.e5 Kf8 22.f4 Rc7
23.Bd2 Rac8 24.Nxa7 Ra8 25.Rxc7 Nxc7 26.Be3 g5 27.d6  1-0

[Event "SLO-chT"]
[Site "?"]
[Date "1993.??.??"]
[Round "?"]
[White "Kragelj, Igor"]
[Black "Kosmac, Blaz"]
[Result "1/2-1/2"]
[WhiteElo "2305"]
[BlackElo "2075"]

1.d4 Nf6 2.c4 g6 3.Nc3 d5 4.cxd5 Nxd5 5.e4 Nxc3 6.bxc3 Bg7 7.Be3 O-O 8.Qd2 c5
9.Nf3 Qa5 10.Rc1 Rd8 11.d5 Bg4 12.Ng5 Nc6 13.h3 Bc8 14.Be2 e6 15.O-O exd5
16.exd5 c4 17.Bxc4 Ne5 18.Bb3 h6 19.Ne4 Bf5 20.Nc5 Qc7 21.f4 Nc6 22.Rfd1 b6
23.Na6 Qc8 24.Nb4 Na5 25.Bd4 Bf8 26.Bf6 Bc5+ 27.Kh2 Re8 28.Re1 Qd7 29.Rcd1 Rac8
30.Be5 Bxb4 31.cxb4 Nxb3 32.axb3 Rc2 33.Qd4 Kh7 34.Rc1 Qc8 35.Rxc2 Qxc2 36.Qd1 Rd8
37.Ba1 Qxd1 38.Rxd1 Bc2 39.Re1 Bxb3 40.Re7 Bxd5 41.Rxa7 b5  1/2-1/2

[Event "Sochi"]
[Site "Sochi"]
[Date "1993.??.??"]
[Round "?"]
[White "Ryskin, Alexander"]
[Black "Shmuter, Leonid"]
[Result "1-0"]
[WhiteElo "2515"]
[BlackElo "2455"]

1.d4 Nf6 2.c4 g6 3.Nc3 d5 4.cxd5 Nxd5 5.e4 Nxc3 6.bxc3 Bg7 7.Bb5+ c6 8.Ba4 b5
9.Bb3 b4 10.Bb2 bxc3 11.Bxc3 Nd7 12.Ne2 Ba6 13.Rc1 O-O 14.O-O e5 15.Bb4 c5
16.dxc5 Bh6 17.Rc2 Nf6 18.Bc4 Bb7 19.c6 Qxd1 20.Rxd1 Rfd8 21.Bd5  1-0

[Event "Sochi"]
[Site "Sochi"]
[Date "1993.??.??"]
[Round "?"]
[White "Doroshkievich, Vladimir K"]
[Black "Shmuter, Leonid"]
[Result "0-1"]
[WhiteElo "2405"]
[BlackElo "2455"]

1.d4 Nf6 2.c4 g6 3.Nc3 d5 4.cxd5 Nxd5 5.e4 Nxc3 6.bxc3 Bg7 7.Bb5+ c6 8.Ba4 O-O
9.Ne2 b5 10.Bb3 Bb7 11.O-O c5 12.f3 cxd4 13.cxd4 Nc6 14.Be3 Na5 15.Rb1 e6
16.Qd2 Rc8 17.Rfd1 a6 18.d5 exd5 19.exd5 Nc4 20.Bxc4 Rxc4 21.d6 Qd7 22.Rbc1 Rfc8
23.Rxc4 Rxc4 24.Nc1 Bc3 25.Qe2 Bc6 26.Bf2 Bb4 27.Nb3 f6 28.Qd3 Kf7 29.h4 a5
30.Be1 Qa7+ 31.Kf1 Bd7 32.Qd5+ Be6 33.Qxb5 Bxe1 34.Rxe1 Rc2  0-1

[Event "St Martin op"]
[Site "St Martin"]
[Date "1993.??.??"]
[Round "3"]
[White "Thorsteins, Karl"]
[Black "Gulko, Boris F"]
[Result "1/2-1/2"]
[WhiteElo "2240"]
[BlackElo "2625"]

1.d4 Nf6 2.c4 g6 3.Nc3 d5 4.cxd5 Nxd5 5.e4 Nxc3 6.bxc3 Bg7 7.Bc4 O-O 8.Ne2 Nc6
9.Bd3 e5 10.d5 Ne7 11.O-O c6 12.Ba3 cxd5 13.exd5 Re8 14.Bb5 Bd7 15.Rb1 Rc8
16.Qa4 Bxb5 17.Qxb5 Qxd5 18.Qxd5 Nxd5 19.Rxb7 a6 20.Ra7 e4 21.Rd1 Nxc3 22.Nxc3 Rxc3
23.Rxa6 Rc2 24.Rad6 Rxa2 25.Rd8 Rxd8 26.Rxd8+ Bf8 27.Rxf8+ Kg7 28.g3 Rxa3
29.Re8 Ra1+ 30.Kg2 Re1 31.h4 h5 32.Re5 Kf6 33.Re8 Kf5 34.Re7 f6 35.Ra7 Rd1
36.Ra5+ Ke6 37.Ra4 Ke5 38.Ra5+ Rd5 39.Ra6 Kf5 40.Rb6 Ra5 41.Rc6 Ra2 42.Rc5+ Ke6
43.Rc6+ Ke5 44.Rc8 Rd2 45.Re8+ Kf5 46.Re7 Rd4 47.Re8 g5 48.hxg5 Kxg5 49.Rg8+ Kf5
50.Rh8 Kg6 51.Rg8+ Kf7 52.Rh8 Rd5 53.Kf1 Kg6 54.Ke2 Kg5 55.Re8 Re5 56.Rxe5+ fxe5
57.Ke3 Kf5 58.Ke2 Ke6 59.Ke3 Kd5 60.Kd2 Kd4 61.Ke2 Kc4 62.Ke3 Kd5 63.Kd2 Kd4  1/2-1/2

[Event "St Martin op"]
[Site "St Martin"]
[Date "1993.??.??"]
[Round "4"]
[White "Petursson, Margeir"]
[Black "Henao, Raul Fernando"]
[Result "1-0"]
[WhiteElo "2560"]
[BlackElo "2405"]

1.d4 Nf6 2.c4 g6 3.Nc3 d5 4.cxd5 Nxd5 5.e4 Nxc3 6.bxc3 Bg7 7.Nf3 c5 8.Rb1 O-O
9.Be2 cxd4 10.cxd4 Qa5+ 11.Bd2 Qxa2 12.O-O a5 13.d5 Qa3 14.Be3 Na6 15.Nd2 b5
16.Bxb5 Nb4 17.Bc5 Rb8 18.Rb3 Qa2 19.Bc4 Qa4 20.Bxe7 Re8 21.d6 Be6 22.Bxe6 fxe6
23.Nc4 Bf8 24.Bh4 Rb7 25.e5 Qb5 26.Ne3 Bg7 27.Ng4  1-0

[Event "St Petersburg op"]
[Site "St Petersburg"]
[Date "1993.??.??"]
[Round "?"]
[White "Yezersky, Vladimir"]
[Black "Lukin, Andrei M"]
[Result "1/2-1/2"]
[WhiteElo "2325"]
[BlackElo "2440"]

1.d4 Nf6 2.c4 g6 3.Nc3 d5 4.cxd5 Nxd5 5.e4 Nxc3 6.bxc3 Bg7 7.Bc4 O-O 8.Ne2 Nc6
9.Bg5 b6 10.Qd2 Na5 11.Bd3 c5 12.d5 Qd7 13.O-O e6 14.dxe6 fxe6 15.Rad1 c4
16.Bc2 Qxd2 17.Rxd2 e5 18.Ba4 Be6 19.Rfd1 Nb7 20.Bc6 Rf7 21.Ng3 Rc8 22.Bxb7 Rxb7
23.Nf1 b5 24.Rd6 Kf7 25.Ra6 Bf8 26.a3 Rcc7 27.Ne3 Rd7 28.Nd5 Rd6 29.Rxd6 Bxd6
30.Nb4 Bxb4  1/2-1/2

[Event "St Petersburg op"]
[Site "St Petersburg"]
[Date "1993.??.??"]
[Round "?"]
[White "Rashkovsky, Nukhim N"]
[Black "Vorontsov, Nickolay"]
[Result "1/2-1/2"]
[WhiteElo "2530"]
[BlackElo "2355"]

1.d4 Nf6 2.c4 g6 3.Nc3 d5 4.cxd5 Nxd5 5.e4 Nxc3 6.bxc3 Bg7 7.Nf3 O-O 8.Be3 c5
9.Qd2 cxd4 10.cxd4 Nc6 11.h3 e5 12.d5 Nd4 13.Nxd4 exd4 14.Bxd4 Re8 15.Bxg7 Rxe4+
16.Be2 Kxg7 17.O-O Qf6 18.Rfd1 Bf5 19.Rac1 Rd8 20.Bf3 Re7 21.Qf4 h5 22.Re1 Rde8
23.Rxe7 Rxe7 24.Qb4 a5 25.Qa3 Rd7 26.Re1 b6 27.Qe3 Rc7 28.Qf4 Rd7 29.Qe3 Rd6
30.Rc1 Bd7 31.Rc4 b5 32.Rf4 Qa1+ 33.Kh2 Rf6 34.Rxf6  1/2-1/2

[Event "St Petersburg op"]
[Site "St Petersburg"]
[Date "1993.??.??"]
[Round "?"]
[White "Tunik, Gennady"]
[Black "Daniliuk, Sergey"]
[Result "1/2-1/2"]
[WhiteElo "2490"]
[BlackElo "2405"]

1.d4 Nf6 2.c4 g6 3.Nc3 d5 4.cxd5 Nxd5 5.e4 Nxc3 6.bxc3 Bg7 7.Bb5+ c6 8.Ba4 b5
9.Bb3 b4 10.Ne2 bxc3 11.Be3 Ba6 12.Rc1 Qa5 13.Qc2 Nd7 14.Qxc3 Qxc3+ 15.Nxc3 O-O
16.f4 Rfd8 17.Kf2 Rac8 18.Rhd1 Bf8 19.d5 Nf6 20.Kf3 cxd5 21.Nxd5 Nxd5 22.Rxc8 Bxc8
23.Rxd5 Rxd5 24.Bxd5 e6 25.Bc6 a6 26.Bb6 Ba3 27.e5 Kf8 28.Bd8 Bb4 29.Ke4 a5
30.Kd4 Ba6 31.Bb6 Kg7 32.Bc5 Bd2 33.g3 Be1 34.Ke3 h5 35.Be4 h4 36.Kf3 hxg3
37.hxg3 Bc4 38.a3 Bc3 39.Ke3 a4 40.Bd4 Be1 41.g4 Bb5 42.Bc5 Bc3 43.g5 Bc4
44.Bc6 Bb3 45.Bd4 Ba5 46.Kd3 Be1 47.Bc3 Bf2 48.Bb4 Bb6 49.Bb5 Bf2 50.Bc4 Be3
51.Bxb3 axb3 52.a4 Bxf4 53.a5 b2 54.Kc2 Bxe5 55.a6 Bb8 56.Be7 f5 57.Bc5 Kf7
58.Kxb2 e5 59.Kc3 e4 60.Kd4 Ke6 61.a7 Bxa7 62.Bxa7 e3 63.Kxe3 Kd5 64.Bb8 Kc4
65.Be5 Kd5 66.Bb2 Kc4 67.Bd4 Kd5 68.Kd3 Ke6 69.Kc4 f4 70.Bf6 Kf5 71.Kd3 Kg4
72.Ke2 Kg3 73.Kf1 Kf3 74.Bd8 Kg3 75.Kg1 f3 76.Ba5 f2+ 77.Kf1 Kf3 78.Bb6 Kf4
79.Bd8 Kf3 80.Ba5 Kf4  1/2-1/2

[Event "St Petersburg op"]
[Site "St Petersburg"]
[Date "1993.??.??"]
[Round "?"]
[White "Savchenko, Stanislav"]
[Black "Yandemirov, Valeri"]
[Result "0-1"]
[WhiteElo "2530"]
[BlackElo "2490"]

1.d4 Nf6 2.c4 g6 3.Nc3 d5 4.cxd5 Nxd5 5.e4 Nxc3 6.bxc3 Bg7 7.Nf3 c5 8.Rb1 O-O
9.Be2 Nc6 10.d5 Ne5 11.Nxe5 Bxe5 12.Qd2 e6 13.f4 Bg7 14.c4 Qe8 15.d6 e5 16.Bb2 exf4
17.Bxg7 Kxg7 18.Qxf4 b6 19.O-O f6 20.a4 Qe5 21.Qxe5 fxe5 22.Rxf8 Kxf8 23.a5 Rb8
24.axb6 axb6 25.Ra1 Be6 26.Ra7 Rd8 27.Rxh7 Bf7 28.Rh8+ Bg8 29.Rh3 Rxd6 30.Rb3 Kg7
31.Kf1 Rd4 32.Rxb6 Rxe4 33.Kf2 Bxc4 34.Bxc4 Rxc4 35.Re6 Re4 36.Kf3 Kf7 37.Rc6 Rf4+
38.Ke3 c4 39.h3 Rd4 40.Ke2 g5 41.g4 Ke7 42.Rg6 Rd3 43.Rxg5 Kd6 44.h4 Rh3
45.h5 Kd5 46.Rg8 Ke4 47.Kd2 Kf4 48.Rf8+ Kxg4 49.Rc8 Kf4 50.Rxc4+ e4 51.Rc8 Rh2+
52.Ke1 Kf3 53.Rf8+ Ke3 54.Kf1 Rh1+ 55.Kg2 Rxh5 56.Ra8 Rd5 57.Ra4 Rd1 58.Kg3 Rg1+
59.Kh2 Rg5 60.Ra2 Kf3 61.Ra8 e3 62.Rf8+ Ke4 63.Ra8 e2  0-1

[Event "St Petersburg op"]
[Site "St Petersburg"]
[Date "1993.??.??"]
[Round "?"]
[White "Gavrilov, Alexei"]
[Black "Beshukov, Sergei"]
[Result "1-0"]
[WhiteElo "2415"]
[BlackElo "2445"]

1.d4 Nf6 2.c4 g6 3.Nc3 d5 4.cxd5 Nxd5 5.e4 Nxc3 6.bxc3 Bg7 7.Qa4+ Nd7 8.Nf3 O-O
9.Bg5 c5 10.Rc1 Qc7 11.Bd3 e5 12.O-O Qd6 13.Qa3 b6 14.Bb5 Bb7 15.Rfd1 Qc7
16.Qa4 Nb8 17.d5 Qd6 18.Be2 f6 19.Be3 Nd7 20.Ba6 Bxa6 21.Qxa6 Rfd8 22.a4 Bf8
23.Nd2 Qc7 24.Nc4 Qc8 25.Qb5 Rb8 26.Rb1 Kg7 27.f4 a6 28.Qc6 b5 29.axb5 axb5
30.Rxb5 Rxb5 31.Qxb5 exf4 32.Bxf4 Re8 33.Re1 Ne5 34.Bxe5 fxe5 35.Rf1 Re7
36.Qb6 Qe8 37.Qf6+ Kg8 38.d6 Rf7 39.Qxf7+ Qxf7 40.Rxf7 Kxf7 41.Nxe5+ Ke6
42.Nc4 Bg7 43.e5 Bf8 44.Kf2 Kd5 45.Na5 Ke6 46.Kf3 Bh6 47.Ke4 Bd2 48.Nb3 Bxc3
49.Nxc5+ Kf7 50.Kd5  1-0

[Event "St Petersburg op"]
[Site "St Petersburg"]
[Date "1993.??.??"]
[Round "?"]
[White "Gavrilov, Alexei"]
[Black "Zilberstein, Valery I"]
[Result "1-0"]
[WhiteElo "2415"]
[BlackElo "2270"]

1.d4 Nf6 2.c4 g6 3.Nc3 d5 4.cxd5 Nxd5 5.e4 Nxc3 6.bxc3 Bg7 7.Qa4+ Nd7 8.Nf3 O-O
9.Bg5 c5 10.Rc1 Qc7 11.Bd3 h6 12.Be3 a6 13.Qa3 b6 14.d5 Nf6 15.c4 e5 16.O-O Ne8
17.Nd2 Nd6 18.f4 f6 19.fxe5 fxe5 20.Rxf8+ Bxf8 21.Rb1 Bd7 22.Qb2 Nc8 23.Bf2 Bd6
24.Bg3 Bg4 25.h3 Bh5 26.Bh2 g5 27.g4 Bg6 28.Nf3 b5 29.Nxe5  1-0

[Event "St Petersburg op"]
[Site "St Petersburg"]
[Date "1993.??.??"]
[Round "?"]
[White "Ivanov, Sergey"]
[Black "Yandemirov, Valeri"]
[Result "1-0"]
[WhiteElo "2505"]
[BlackElo "2490"]

1.d4 Nf6 2.c4 g6 3.Nc3 d5 4.cxd5 Nxd5 5.e4 Nxc3 6.bxc3 Bg7 7.Nf3 c5 8.Rb1 O-O
9.Be2 Nc6 10.d5 Ne5 11.Nxe5 Bxe5 12.Qd2 e6 13.f4 Bg7 14.c4 Qe8 15.O-O exd5
16.exd5 b6 17.Bb2 Bf5 18.Bxg7 Kxg7 19.Bd3 Qd7 20.Rbe1 Rfe8 21.Re5 f6 22.Bxf5 gxf5
23.Rxe8 Rxe8 24.Re1 Kf7 25.Rxe8 Kxe8 26.Qd3 Kd8 27.h3 Kc7 28.Kh2 Kd6 29.a4 Qc8
30.Qg3 Qf8 31.a5 Qf7 32.axb6 axb6 33.Qb3 Qb7 34.Qb1 b5 35.Qxf5 bxc4 36.Qe6+ Kc7
37.d6+ Kd8 38.Qxf6+ Kd7 39.Qe7+ Kc6 40.Qe4+ Kb6 41.Qe8  1-0

[Event "St Petersburg op"]
[Site "St Petersburg"]
[Date "1993.??.??"]
[Round "?"]
[White "Korotylev, Alexey"]
[Black "Neverov, Valeriy"]
[Result "0-1"]
[WhiteElo "2420"]
[BlackElo "2535"]

1.d4 Nf6 2.c4 g6 3.Nc3 d5 4.cxd5 Nxd5 5.e4 Nxc3 6.bxc3 Bg7 7.Bb5+ c6 8.Ba4 b5
9.Bb3 b4 10.Ne2 bxc3 11.Be3 Ba6 12.Rc1 Nd7 13.f4 O-O 14.e5 Nb6 15.Nxc3 Nd5
16.Nxd5 cxd5 17.Kf2 e6 18.Rc6 Bb5 19.Rc5 Rb8 20.Re1 Re8 21.Kg1 Bf8 22.Rxb5 Rxb5
23.Ba4 Rb4 24.Bxe8 Qxe8 25.Qd3 Qa4 26.Re2 h5 27.h3 h4 28.Rd2 Be7 29.Qc2 Qb5
30.Qd3 Rc4 31.Kf2 Bb4 32.Rc2 Qa4 33.Rxc4 dxc4 34.Qb1 c3 35.Bc1 Qd1  0-1

[Event "St Petersburg op"]
[Site "St Petersburg"]
[Date "1993.??.??"]
[Round "?"]
[White "Korotylev, Alexey"]
[Black "Shmuter, Leonid"]
[Result "1/2-1/2"]
[WhiteElo "2420"]
[BlackElo "2455"]

1.d4 Nf6 2.c4 g6 3.Nc3 d5 4.cxd5 Nxd5 5.e4 Nxc3 6.bxc3 Bg7 7.Bb5+ c6 8.Ba4 b5
9.Bb3 O-O 10.Ne2 Bb7 11.O-O  1/2-1/2

[Event "St Petersburg op"]
[Site "St Petersburg"]
[Date "1993.??.??"]
[Round "?"]
[White "Korotylev, Alexey"]
[Black "Simonenko, I."]
[Result "1-0"]
[WhiteElo "2420"]
[BlackElo "2320"]

1.d4 Nf6 2.c4 g6 3.Nc3 d5 4.cxd5 Nxd5 5.e4 Nxc3 6.bxc3 Bg7 7.Bb5+ c6 8.Ba4 O-O
9.Ne2 e5 10.O-O Qe7 11.Bc2 Rd8 12.a4 Be6 13.Ba3 Qe8 14.Rb1 b6 15.Bd3 exd4
16.cxd4 Bxd4 17.Nxd4 Rxd4 18.Bb2 Rd7 19.Qc2 Qf8 20.Qc3 f6 21.Rbd1 Qf7 22.e5 f5
23.Bc4 Kf8 24.Bxe6 Qxe6 25.Rd6 Rxd6 26.exd6 Nd7 27.Re1 Qg8 28.Re7 Rd8 29.Qe3 Qd5
30.Qh6+  1-0

[Event "St Petersburg op"]
[Site "St Petersburg"]
[Date "1993.??.??"]
[Round "?"]
[White "Nikolaidis, Ioannis"]
[Black "Simonenko, I."]
[Result "1-0"]
[WhiteElo "2440"]
[BlackElo "2320"]

1.d4 Nf6 2.c4 g6 3.Nc3 d5 4.cxd5 Nxd5 5.e4 Nxc3 6.bxc3 Bg7 7.Be3 c5 8.Nf3 O-O
9.Qd2 Bg4 10.Rc1 Bxf3 11.gxf3 cxd4 12.cxd4 e6 13.Bb5 a6 14.Ba4 b5 15.Bb3 a5
16.a4 bxa4 17.Bxa4 Ra6 18.O-O Rd6 19.d5 Nd7 20.f4 exd5 21.e5 Bxe5 22.fxe5 Nxe5
23.Kg2 Nc4 24.Qd4 Nxe3+ 25.fxe3 Re6 26.Rf4 g5 27.Rf5 Re4 28.Qd1 Rxe3 29.Qh5 f6
30.Bc6 Re5 31.Rb1 Qe7 32.Rf2 g4 33.Qh4 Rg5 34.Rd1 Qe4+ 35.Kg1 Kg7 36.Qg3 Rc8
37.Qd6 Rf8 38.Bxd5 Qe3 39.Rb1 Rf5 40.Qd7+ Kh6 41.Qxf5  1-0

[Event "St Petersburg op"]
[Site "St Petersburg"]
[Date "1993.??.??"]
[Round "?"]
[White "Nikolaidis, Ioannis"]
[Black "Zilberstein, Valery I"]
[Result "1/2-1/2"]
[WhiteElo "2440"]
[BlackElo "2270"]

1.d4 Nf6 2.c4 g6 3.Nc3 d5 4.cxd5 Nxd5 5.e4 Nxc3 6.bxc3 Bg7 7.Bb5+ c6 8.Ba4 O-O
9.Ne2 Be6 10.Bb3 Bxb3 11.axb3 e5 12.d5 Qh4 13.Qc2 Nd7 14.dxc6 bxc6 15.O-O Rfd8
16.Be3 Bh6 17.Bxh6 Qxh6 18.Rfd1 Nc5 19.b4 Ne6 20.Rxd8+ Rxd8 21.Rd1 Qh4 22.f3 Qg5
23.Kf2 Qh4+ 24.Kg1 Qg5 25.Rd3 h5 26.Qd1 Qe3+ 27.Rxe3 Rxd1+ 28.Kf2 c5 29.h4 Rb1
30.bxc5 Nxc5 31.c4 a5 32.Ra3 a4 33.Ke3 Kf8 34.g3 Ke8 35.f4 Rb3+ 36.Rxb3 Nxb3
37.Nc3 a3 38.Kd3 Kd7 39.Kc2 Na5 40.f5 Kd6 41.fxg6 fxg6 42.Nb5+ Kc5 43.Nxa3 Nxc4
44.Nb1 Kd4 45.Nc3 Ne3+ 46.Kb3 Nf1 47.Nd5 Nxg3 48.Ne7 Kxe4 49.Nxg6 Kf5 50.Ne7+ Ke6
51.Ng6 Kf6 52.Nf8 Nf5 53.Nd7+ Ke6 54.Nc5+ Ke7 55.Ne4 Kf7 56.Kc4 Nxh4 57.Ng3 Kg6
58.Kd5 Nf3 59.Ke4 h4 60.Kxf3  1/2-1/2

[Event "St Petersburg zt"]
[Site "St Petersburg"]
[Date "1993.??.??"]
[Round "2"]
[White "Aseev, Konstantin N"]
[Black "Dvoirys, Semen I"]
[Result "1/2-1/2"]
[WhiteElo "2515"]
[BlackElo "2565"]

1.d4 Nf6 2.c4 g6 3.Nc3 d5 4.cxd5 Nxd5 5.e4 Nxc3 6.bxc3 Bg7 7.Bb5+ c6 8.Ba4 b5
9.Bb3 b4 10.Ne2 bxc3 11.Be3 Nd7 12.Rc1 Ba6 13.f4 Qa5 14.Qc2 c5 15.e5 cxd4
16.Bxd4 Nc5 17.Bxc5 Qxc5 18.Qxc3 Qxc3+ 19.Nxc3 O-O 20.Nd5 e6 21.Nc7 Rac8
22.Kf2 Bb7 23.Rhd1 g5 24.g3 gxf4 25.gxf4 Bh6 26.Ke3 Rfd8 27.Nb5 Rxd1 28.Rxc8+ Bxc8
29.Bxd1 a5 30.Nd6 Ba6 31.Ne4 Bf8 32.Kd4 Ba3 33.Ke3 Bc1+ 34.Kf3 Bb7 35.Bc2 h6
36.Kg4 Bc6 37.Nf6+ Kf8 38.a4 Bb7 39.h4 Ba6 40.Kf3 Bc4 41.Nh7+ Kg7 42.Nf6  1/2-1/2

[Event "St Petersburg zt"]
[Site "St Petersburg"]
[Date "1993.??.??"]
[Round "9"]
[White "Ruban, Vadim"]
[Black "Dvoirys, Semen I"]
[Result "1/2-1/2"]
[WhiteElo "2595"]
[BlackElo "2565"]

1.d4 Nf6 2.c4 g6 3.Nc3 d5 4.cxd5 Nxd5 5.e4 Nxc3 6.bxc3 Bg7 7.Bb5+ c6 8.Ba4 b5
9.Bb3 b4 10.Qf3 e6 11.Ne2 bxc3 12.Qxc3 O-O 13.Ba3 Re8 14.O-O Nd7 15.Qxc6 Nb6
16.e5 Ba6 17.Rfe1 Rc8 18.Qe4 Nc4 19.Bb4 Qd7 20.Nc3 Red8 21.Rad1 Nb2 22.Rd2 Nc4
23.Bxc4 Rxc4 24.Ba5 Rdc8 25.Qe3 Bb7 26.f3 Bf8 27.Ne2 Ra4 28.Bc3 Ra3 29.Rc2 Qa4
30.Qd2 Bh6 31.Qxh6 Qxc2 32.Bb4 Rd3 33.Kf2 Rxd4 34.Be7 Rd7 35.Rc1 Rxe7 36.Rxc2 Rxc2
37.Ke3 Rd7 38.Nf4 Bd5 39.Qg5 Kf8 40.Qh6+ Kg8 41.a4 Rdc7 42.Qg5  1/2-1/2

[Event "Stockholm op"]
[Site "Stockholm"]
[Date "1993.??.??"]
[Round "?"]
[White "Dzevlan, Miralem"]
[Black "Rygaard, Michael"]
[Result "1/2-1/2"]
[WhiteElo "2395"]
[BlackElo "2230"]

1.d4 Nf6 2.c4 g6 3.Nc3 d5 4.cxd5 Nxd5 5.e4 Nxc3 6.bxc3 Bg7 7.Bc4 O-O 8.Ne2 c5
9.O-O cxd4 10.cxd4 Nc6 11.Be3 Na5 12.Bd3 b6 13.Rc1 e6 14.Qd2 Bb7 15.h4 f5
16.e5 Qd7 17.Bh6 Qd5 18.f3 Rfc8 19.Bxg7 Kxg7 20.Qg5 Qd8 21.Qxd8 Rxd8 22.Nf4 Bd5
23.Rc7+ Kg8 24.h5 g5 25.Nxd5 Rxd5 26.h6 Rxd4 27.Rg7+ Kh8 28.Rc1 Rh4 29.Rxa7 Rb8
30.g4 Rxh6 31.gxf5 exf5 32.Bb5 Re6 33.Rcc7 h6 34.a4 Rxe5 35.Rh7+ Kg8 36.Rxh6 g4
37.Kf2 gxf3 38.Kxf3 Rb7 39.Rxb7 Nxb7 40.Rxb6 Nc5 41.a5 Kf8 42.a6 Nxa6 43.Bxa6 Ke7
44.Bc4 Rc5 45.Bg8 Rc1 46.Bh7 Rf1+ 47.Kg2 Rf4 48.Kg3 Rf1 49.Bg6 f4+ 50.Kg2 Rd1
51.Be4 Rd6 52.Rb7+ Kf6 53.Kf3 Ke5 54.Rb5+ Kd4 55.Kxf4 Rf6+ 56.Bf5 Rf8 57.Rb1 Kc3
58.Rc1+ Kd4 59.Rd1+ Kc3 60.Rd3+ Kc4 61.Rh3 Kd4 62.Rh7 Rd8 63.Rh1 Rf8 64.Rh7 Rd8
65.Ra7 Rd6 66.Ra4+ Kc3 67.Ke3 Rd1 68.Be4 Re1+ 69.Kf4 Rf1+ 70.Ke5 Rg1 71.Ra3+ Kb4
72.Rd3 Kc5 73.Rc3+ Kb4 74.Kd4 Rg7 75.Rc1 Ka3 76.Ra1+ Kb2 77.Rb1+ Ka2 78.Rb8 Rg4
79.Ke3 Rh4 80.Bd3 Rh2 81.Kd4 Rb2 82.Ra8+ Kb3 83.Ra7 Kb4 84.Rh7 Kb3 85.Bc4+ Kc2
86.Rh2+ Kc1 87.Rh1+ Kd2 88.Rg1 Kc2 89.Rg3 Kd2 90.Bb3 Kc1 91.Rg1+ Kd2 92.Bc4 Kc2
93.Rg3 Kd2 94.Rg1 Kc2 95.Bd3+ Kd2 96.Be4 Rb4+ 97.Ke5 Ke3 98.Rg3+ Kd2  1/2-1/2

[Event "Stockholm op"]
[Site "Stockholm"]
[Date "1993.??.??"]
[Round "?"]
[White "Adler, Bo"]
[Black "Gramer, Kent"]
[Result "1-0"]
[WhiteElo "2235"]
[BlackElo "2230"]

1.d4 Nf6 2.c4 g6 3.Nc3 d5 4.cxd5 Nxd5 5.e4 Nxc3 6.bxc3 Bg7 7.Bb5+ c6 8.Bc4 b5
9.Bb3 b4 10.Qf3 O-O 11.Ne2 bxc3 12.O-O Ba6 13.Rd1 Bxe2 14.Qxe2 Nd7 15.e5 e6
16.Ba3 Re8 17.Rac1 Qa5 18.Bd6 Rac8 19.Rd3 Bh6 20.Rcxc3 c5 21.d5 exd5 22.Bxd5 Nxe5
23.Bxe5 c4 24.Rxc4 Rxc4 25.Bxf7+ Kxf7 26.Rd7+ Ke6 27.Rd6+ Kf7 28.Qxc4+ Kf8
29.Rf6+ Ke7 30.Rf7+  1-0

[Event "Rilton Cup op9394"]
[Site "Stockholm"]
[Date "1993.??.??"]
[Round "2"]
[White "Dzevlan, Miralem"]
[Black "Hjelm, Niclas"]
[Result "1-0"]
[WhiteElo "2395"]
[BlackElo "2255"]

1.d4 Nf6 2.c4 g6 3.Nc3 d5 4.cxd5 Nxd5 5.e4 Nxc3 6.bxc3 Bg7 7.Bc4 c5 8.Ne2 Nc6
9.Be3 O-O 10.O-O Bg4 11.f3 Na5 12.Bxf7+ Rxf7 13.fxg4 Rxf1+ 14.Kxf1 cxd4 15.cxd4 e5
16.d5 Nc4 17.Bf2 Qf6 18.Kg1 Rf8 19.Qe1 Bh6 20.Ng3 Qa6 21.Kh1 Qa4 22.Qe2 Bg5
23.Nf1 Nd6 24.Bc5 Nxe4 25.Bg1 b6 26.Re1 Be7 27.Rc1 Bc5 28.Ne3 Qa3 29.Re1 Qa4
30.Rc1 Qd4 31.Rc4 Qd2 32.Qxd2 Nxd2 33.Rc2 Ne4 34.a4 a5 35.Rc1 Nd6 36.g3 Rc8
37.Kg2 Bxe3 38.Rxc8+ Nxc8 39.Bxe3 Kf7 40.Kf3 Ke7 41.Ke4 Kd6 42.g5 Ne7 43.Bxb6 Nxd5
44.Bxa5 Ke6 45.Be1 Nc7 46.Bb4 Na6 47.Ba3 Nc7 48.a5 Na6 49.Bf8 Nc7 50.Bc5 Na6
51.Bb6 Nb4 52.g4 Na6 53.Kd3 Kd5 54.Kc3 e4 55.Bf2 Nc7 56.Kb4 Kc6 57.Kc4 Ne6
58.Be3  1-0

[Event "Rilton Cup op9394"]
[Site "Stockholm"]
[Date "1993.??.??"]
[Round "8"]
[White "Ahlander, Bjorn"]
[Black "Hjelm, Niclas"]
[Result "0-1"]
[WhiteElo "2415"]
[BlackElo "2255"]

1.d4 Nf6 2.c4 g6 3.Nc3 d5 4.cxd5 Nxd5 5.e4 Nxc3 6.bxc3 Bg7 7.Nf3 c5 8.Rb1 O-O
9.Be2 cxd4 10.cxd4 Qa5+ 11.Qd2 Qxd2+ 12.Bxd2 e6 13.O-O b6 14.Rbc1 Bb7 15.Rc7 Bxe4
16.Bb4 Rd8 17.Be7 Re8 18.Ng5 Bd5 19.Bd6 Nc6 20.Nxf7 Nxd4 21.Ba6 e5 22.Ng5 h6
23.Nh3 Bxa2 24.Re1 b5 25.f3 Re6 26.Bb7 Rd8 27.Be7 Re8 28.Bb4 Bf8 29.Bxf8 Kxf8
30.Rc5 a5 31.Nf2 R8e7 32.Be4 a4 33.Nd3 Kg7 34.Rc8 Re8 35.Rc7+ R8e7 36.Rc8 Re8
37.Rc5 Bc4 38.Nb4 R8e7 39.Bd5 Bxd5 40.Nxd5 Rb7 41.Nb4 Ra7 42.Rd5 Kf6 43.Re4 g5
44.Rd8 Nc6 45.Nd5+ Kg7 46.Rc8 Rb7 47.Nc7 Rg6 48.Nxb5 Rxb5 49.Rc7+ Kf8 50.Rxa4 Rb8
51.Re4 Re8 52.h4 gxh4 53.Rxh4 Re7 54.Rc8+ Kg7 55.Re4 Rd7 56.Rc4 Nd4 57.Kf2 Ne6
58.Rc2 Nf4 59.Kg1 Rgd6 60.Ra2 Rd1+ 61.Kh2 R1d2 62.Rcc2 Rxc2 63.Rxc2 Rd6 64.g3 Ng6  0-1

[Event "SWE-chT 9394"]
[Site "SWE"]
[Date "1993.??.??"]
[Round "1"]
[White "Vernersson, Per"]
[Black "Carlhammar, Magnus"]
[Result "1/2-1/2"]
[WhiteElo "2310"]
[BlackElo "2325"]

1.d4 Nf6 2.c4 g6 3.Nc3 d5 4.cxd5 Nxd5 5.e4 Nxc3 6.bxc3 Bg7 7.Bc4 c5 8.Ne2 O-O
9.O-O Nc6 10.Be3 Bg4 11.f3 Na5 12.Bxf7+ Rxf7 13.fxg4 Rxf1+ 14.Kxf1 Qd6 15.Kg1 Qe6
16.Qd3 Qc4 17.Qxc4+ Nxc4 18.Bf2 cxd4 19.cxd4 e5 20.d5 Bh6 21.h4 Bd2 22.Rd1 b5
23.Nc1 a5 24.Nd3 Re8 25.Nc5 Rd8 26.Ne6 Rd7 27.Kf1 Bb4 28.Ke2 Rf7 29.Be3 Be7
30.g5 Ba3 31.Bc5 Bxc5 32.Nxc5 Nd6 33.Rf1 Rxf1 34.Kxf1 Kf7 35.Ke2 Ke7 36.Kd3 Nc4
37.Ne6 Nd6 38.Nc5 Kd8 39.Nb3 Nb7 40.Nd2 Ke7 41.Nf3 Kd6 42.g4 Nc5+ 43.Ke3 Nd7
44.h5 Kc5 45.Nh4 Nf8 46.Kd3 Kd6 47.Kc3 Kc5 48.Kd3 Kd6 49.Kc3 Kc5 50.Kd3  1/2-1/2

[Event "Szekszard op"]
[Site "Szekszard"]
[Date "1993.??.??"]
[Round "8"]
[White "Bauer, Tamas"]
[Black "Varga, Zoltan"]
[Result "1/2-1/2"]
[WhiteElo "2335"]
[BlackElo "2450"]

1.d4 Nf6 2.c4 g6 3.Nc3 d5 4.cxd5 Nxd5 5.e4 Nxc3 6.bxc3 Bg7 7.Rb1 O-O 8.Nf3 c5
9.Be2 cxd4 10.cxd4 Qa5+ 11.Qd2 Qxd2+ 12.Bxd2  1/2-1/2

[Event "Szekszard op"]
[Site "Szekszard"]
[Date "1993.??.??"]
[Round "9"]
[White "Kallai, Gabor"]
[Black "Berebora, Ferenc"]
[Result "1/2-1/2"]
[WhiteElo "2450"]
[BlackElo "2410"]

1.d4 Nf6 2.c4 g6 3.Nc3 d5 4.cxd5 Nxd5 5.e4 Nxc3 6.bxc3 Bg7 7.Be3 c5 8.Qd2 O-O
9.Nf3 Bg4 10.Ng5 cxd4 11.cxd4 Nc6 12.h3 Bd7 13.Nf3 Rc8 14.Rc1 Qa5 15.Be2 e6
16.Qxa5 Nxa5 17.O-O Rxc1 18.Rxc1  1/2-1/2

[Event "Tilburg"]
[Site "Tilburg"]
[Date "1993.??.??"]
[Round "1"]
[White "Atalik, Suat"]
[Black "Tukmakov, Vladimir B"]
[Result "1-0"]
[WhiteElo "2535"]
[BlackElo "2600"]

1.d4 Nf6 2.c4 g6 3.Nc3 d5 4.cxd5 Nxd5 5.e4 Nxc3 6.bxc3 Bg7 7.Bb5+ c6 8.Ba4 b5
9.Bb3 b4 10.cxb4 Qxd4 11.Qxd4 Bxd4 12.Rb1 Ba6 13.Bb2 Bxb2 14.Rxb2 Nd7 15.f4 O-O
16.e5 e6 17.Nf3 c5 18.Rd2 c4 19.Rxd7 cxb3 20.axb3 Rfd8 21.Rc7 Rac8 22.Rxc8 Bxc8
23.Ke2 Ba6+ 24.Kf2 Bb5 25.Rc1 h6 26.Rc3 Rd1 27.g4 Kg7 28.Rc7 Rd3 29.f5 gxf5
30.gxf5 Bd7 31.f6+ Kg6 32.Rc4 Kf5 33.Ke2 Rd5 34.Ke3 Bb5 35.Rh4 Rd3+ 36.Kf2 Kg6
37.Nd4 Kg5 38.Re4 Bd7 39.h4+ Kh5 40.Ne2 Rd2  1-0

[Event "Tilburg"]
[Site "Tilburg"]
[Date "1993.??.??"]
[Round "2"]
[White "Mozetic, Dejan"]
[Black "Leko, Peter"]
[Result "1-0"]
[WhiteElo "2580"]
[BlackElo "2555"]

1.d4 Nf6 2.c4 g6 3.Nc3 d5 4.cxd5 Nxd5 5.e4 Nxc3 6.bxc3 Bg7 7.Nf3 c5 8.Rb1 O-O
9.Be2 cxd4 10.cxd4 Qa5+ 11.Bd2 Qxa2 12.O-O Bg4 13.Be3 b6 14.Qd3 Bxf3 15.Bxf3 e5
16.Ra1 Qe6 17.d5 Qd6 18.Qb5 Nd7 19.Qc6 Qe7 20.Bg4 Nc5 21.d6 Qb7 22.Qc7 Qxc7
23.dxc7 Nxe4 24.Rac1 f5 25.Be2 Kf7 26.Ba6 Rac8 27.Rfd1 Ke7 28.f3 f4 29.Bxb6 axb6
30.fxe4 Bf6 31.Rc6 Rfe8 32.Rdd6 Rxc7 33.Re6+ Kf7 34.Rxf6+ Kg7 35.Rxg6+ hxg6
36.Rxc7+  1-0